| 000 | 01197nam a22002537a 4500 | ||
|---|---|---|---|
| 999 |
_c22201 _d22201 |
||
| 003 | AR-CdUCM | ||
| 008 | 190425b ||||| |||| 00| 0 spa d | ||
| 040 |
_aMUNICIPALIDAD PROVINCIAL DEL CUSCO _cBIBLIOTECA MUNICIPAL DEL CUSCO |
||
| 082 | _aBurrito/N°56/2013 | ||
| 245 |
_aEl burrito cienciano : _bpublicación a nivel nacional / _cHugo Chacón Núñez, Director y fundador |
||
| 260 |
_aCusco. _aLima. _bESCOMES, _c2013. |
||
| 300 |
_a46 páginas. : _bilustraciones ; _c29 cm. |
||
| 440 |
_aEl Burrito Cienciano. _nN°56, agosto 2013. _947631 |
||
| 505 | _aContenido: Temas de la actualidad que no deben eludirse sino manifestarlos. -- Homenaje al Cusco. -- Doctor Demetrio Roca Walparimachi un cienciano y cusqueño de corazón. -- El procedimiento laboral en el Perú. -- Curriculum vitae del bachiller Eleodoro Justiniani Flórez. -- Bodas de oro de la promoción 1963. | ||
| 650 |
_aSociedad cusqueña _947493 |
||
| 650 |
_aColegios del Cusco _924467 |
||
| 650 |
_aColegio Ciencias _947633 |
||
| 650 |
_aSiglo XX _947561 |
||
| 700 |
_aMarín, Lida _947628 |
||
| 700 |
_aMoscoso Salazar, Nicanor _947634 |
||
| 700 |
_aSánchez Hinojosa, Alberto _947635 |
||
| 942 |
_2ddc _cPP |
||
| 945 | _arac | ||